000
00278nam a2200121Ia 4500
008
191201s2012 xx 000 0 und d
100
_a
CHOPRA, Rajiv
245
0
_a
Artificial Intelligence
260
_b
S. Chand
_c
2012
300
_a
392
650
_a
B.Tech(IT)
942
_2
ddc
_c
BK
999
_c
7036
_d
7036